=LDR 00000nam 2200000 4500 =001 INLIS000000000027081 =005 20140428102733.0 =006 =007 =008 Ind =035 ##$$a 0010-061300000027081 =041 ##$$a Ind =082 ##$$a 2x2.4 =090 ##$$a 2x2.4, Raj p =100 ##$$a Rajab, Ibnu =245 ##$$a Panduan ilmu dan hikmah, Ibnu Rajab ; penerjemah, Fadhli Bahri ; editor, Abdurrahman Al-Mulxaffi =260 ##$$a 2002 $b Jakarta =300 ##$$a lii, 1017 hlm, 24 cm =650 ##$$a Kumpulan hadis =850 ##$$a NBPNMAT